Guía para la utilización de plantas eléctricas a diesel como herramienta de control de demanda
Guardado en:
| Autor principal: | |
|---|---|
| Formato: | Libro |
| Publicado: |
San José, C.R.
1996
|
| Materias: | |
| Etiquetas: |
Agregar Etiqueta
Sin Etiquetas, Sea el primero en etiquetar este registro!
|
MARC
| LEADER | 00000nam a2200000Ia 4500 | ||
|---|---|---|---|
| 003 | 008179 | ||
| 005 | 20221231144233.0 | ||
| 008 | 140114s1996 cr a m 000 ||s d | ||
| 040 | |c cru CEDI | ||
| 090 | |a TFG 3645 | ||
| 100 | |a Broide Wohlstein, Allan |9 9576 | ||
| 245 | |a Guía para la utilización de plantas eléctricas a diesel como herramienta de control de demanda | ||
| 260 | |c 1996 |a San José, C.R. | ||
| 300 | |a ix, 49,[9] hojas : ilustraciones | ||
| 500 | |a Proyecto de graduación (bachillerato en ingeniería eléctrica)--Universidad de Costa Rica, Facultad de Ingeniería, Escuela de Ingeniería Eléctrica | ||
| 650 | |x CENTRALES ELECTRICAS DIESEL - COSTOS DE ENERGIA ELECTRICA |x DEMANDA DE ENERGIA ELECTRICA |x CONSUMO DE ENERGIA - CONTROL |x EMPRESAS ELECTRICAS - TARIFAS |9 9577 | ||
| 942 | |c TFG | ||
| 999 | |c 18875 |d 18875 | ||
